000 00750cam a2200229 a 4500
020 _a0470234458
020 _a0582237793 (England)
082 0 0 _a530.8
_bBEN
_cL-37, P-89
100 1 _aBentley, John P.,
_939823
245 1 0 _aPrinciples of measurement systems /
_cJohn P. Bentley.
250 _a3rd ed.
260 _aHarlow [England] :
_bLongman Scientific & Technical ;
_aNew York, NY :
_bWiley,
_c1995.
300 _axi, 468 p. :
_bill. ;
_c25 cm.
500 _aIncludes index.
526 _a0
_b0
_c0
_d530_800000000000000_BEN
650 0 _aAutomatic control.
_926207
650 0 _aEngineering instruments.
_97429
650 0 _aMCE
_9379
650 0 _aPhysical instruments.
_939824
650 0 _aPhysical measurements.
_939825
942 _2ddc
_cBK
999 _c544249
_d544249